| 000 | 00736nac a22002171u 4500 | ||
|---|---|---|---|
| 010 | _a013279048 | ||
| 020 | _a9780471464808 (hbk.) | ||
| 022 | _a0471464805 (hbk.) | ||
| 082 |
_a660.2842 _bSEA |
||
| 090 |
_c8186 _d8186 |
||
| 100 | _aSeader, J. D. | ||
| 245 |
_aSeparation process principles / _cJ.D. Seader, Ernest J. Henley. |
||
| 250 | _a2nd ed. | ||
| 260 |
_aHoboken, N.J. : Wiley ; Chichester : _b John Wiley [distributor], C.2005. _cC.2005. |
||
| 300 |
_axxxiv, 756 p. : _b ill. ; _c29 cm. |
||
| 500 | _aDistributer: Al-Ahram. | ||
| 511 | _aCatalogued By: Mahitab. | ||
| 650 | _aSeparation (Technology) -- Textbooks. | ||
| 700 | _aHenley, Ernest J. | ||
| 942 |
_cBB _k660.2842SEA |
||
| 999 |
_c8186 _d8186 |
||